000
00252nam a22001217a 4500
040
_c
HS
082
_a
351
100
_a
NA
245
_a
Smallholder flood plaints development programme (SFPDP)
260
_a
IFAD
_b
NA
_c
1997
300
_a
NA
942
_c
EK
999
_c
9508
_d
9508